Game of Thrones: Missing House Words Quiz Stats

 Plays Quiz Updated Apr 14, 2019

Score 0/15 Timer 04:00
12 Plays Today
Question Answer Wrong Answers
House Stark
_____ is Coming
Winter
96.9%
Karma
0.2%
Blood
0.2%
Fire
0.3%
House Tully
Family, _____, Honor
Duty
94.8%
Fish
1.8%
Ice
0.3%
Words
0.7%
House Mormont
Here We _____
Stand
94.4%
Stall
0.8%
Are
2.4%
Hear
0.4%
House Lannister
Hear Me _____!
Roar
94.2%
Growl
1.1%
Rant
0.3%
Now
2.8%
House Targaryen
Fire and _____
Blood
92.8%
Fear
2.1%
Family
2.9%
Madness
2.1%
House Baratheon
Ours is the _____
Fury
91.6%
Indignation
5.2%
Obfuscation
1.4%
Money
0.9%
House Martell
Unbowed, _____, Unbroken
Unbent
88.8%
Unbounded
9.5%
Unabridged
1.1%
Unbuttoned
0.3%
House Bolton
Our _____ are Sharp
Blades
85.4%
Wits
12.5%
Flats
0.4%
Foes
0.8%
House Tarly
_____ in Battle
First
85.3%
Always
7.1%
Resting
1.7%
Beautiful
3.7%
House Mallister
_____ the Rest
Above
84.9%
Below
1.2%
Forget
6.2%
Among
5.9%
House Arryn
As High as _____
Honor
81.2%
Kites
5.9%
Highs
5.1%
Ever
7.3%
House Tyrell
Growing _____
Strong
76.4%
Things
0.6%
Fire
2.2%
Roots
18.9%
House Trant
So End Our _____
Foes
62%
Woes
33.7%
Toes
0.9%
Hoes
1%
House Greyjoy
We Do Not _____
Sow
57.3%
Mow
0.3%
Row
1.3%
Bow
40%
House Karstark
The _____ of Winter
Sun
45%
Treachery
17.6%
Beauties
14.6%
Sands
21.4%

You're not logged in!

Compare scores with friends on all Sporcle quizzes.
OR
Log In

Sporcle TV

Today on Sporcle TV


Watch our educational content, quiz creation guides, and fun videos on Sporcle TV.

Show Comments

Extras

Top Quizzes Today


Score Distribution

Your Account Isn't Verified!

In order to create a playlist on Sporcle, you need to verify the email address you used during registration. Go to your Sporcle Settings to finish the process.

Report this User

Report this user for behavior that violates our Community Guidelines.

Details: